00335nam a2200133Ia 4500008004100000041000800041082001500049100001900064245003600083250001400119260003400133300002700167365000700194240624s9999 xx 000 0 und d aeng a005.74 PRA aPRATT PHILIP J aCONCEPTS OF DATABASE MANAGEMENT a(3rd ed.) c2000aSingaporebThomson Asia aviii, : 294 : cm. ; 24 cRS